[Event "Muensterland Verbandsklasse-B 0506"]
[Site "Germany"]
[Date "2006.04.08"]
[Round "8.8"]
[White "Schley, Alfred"]
[Black "Drab, Karl Heinz"]
[Result "1-0"]
[WhiteElo "1763"]
[BlackElo "1654"]
[PlyCount "67"]
[EventDate "2005.09.03"]
[EventType "team"]
[EventRounds "9"]
[EventCountry "GER"]
[SourceTitle "EXT 2006"]
[Source "ChessBase"]
[SourceDate "2005.11.24"]
[SourceVersion "1"]
[SourceVersionDate "2005.11.24"]
[SourceQuality "1"]
[WhiteTeam "Stadtlohn"]
[BlackTeam "Duelmen"]
[WhiteTeamCountry "GER"]
[BlackTeamCountry "GER"]

1. e4 c5 2. d4 cxd4 3. c3 dxc3 4. Nxc3 e6 5. Nf3 Bb4 6. Bc4 Qc7 7. Qe2 Bxc3+ 8. bxc3 b5 9. Bd5 Qxc3+ 10. Nd2 exd5 11. exd5+ Ne7 12. Rb1 Qc7 13. Ba3 d6 14. Ne4 0-0 15. 0-0 b4 16. Rfc1 Qd7 17. Bxb4 Nxd5 18. Bxd6 Ba6 19. Qh5 Qe6 20. Bxf8 Qxe4 21. Re1 Nf4 22. Rxe4 Nxh5 23. Re8 Nf6 24. Rd8 Nbd7 25. Rxa8 Nxf8 26. Rxa7 Bc4 27. a4 g6 28. Rc1 Bd5 29. a5 N8d7 30. Rc8+ Kg7 31. Rd8 Ne5 32. Rc7 Be6 33. a6 Nd5 34. Rc5 1-0

[Event "Muenster Bezirksliga 0506"]
[Site "Muenster"]
[Date "2005.11.19"]
[Round "3.8"]
[White "Kohkemper, Volkmar"]
[Black "Drab, Karl Heinz"]
[Result "1-0"]
[WhiteElo "1703"]
[BlackElo "1654"]
[PlyCount "120"]
[EventDate "2005.09.10"]
[EventType "team"]
[EventRounds "9"]
[EventCountry "GER"]
[SourceTitle "EXT 2007"]
[Source "ChessBase"]
[SourceDate "2006.11.23"]
[SourceVersion "1"]
[SourceVersionDate "2006.11.23"]
[SourceQuality "1"]
[WhiteTeam "Beelen"]
[BlackTeam "Duelmen II"]
[WhiteTeamCountry "GER"]
[BlackTeamCountry "GER"]

1. d4 e5 2. dxe5 Ne7 3. Bg5 h6 4. Bh4 Nbc6 5. f4 g5 6. fxg5 hxg5 7. Bxg5 Bg7 8. Nc3 Bxe5 9. Nf3 Bxc3+ 10. bxc3 d6 11. e4 Bg4 12. Qd2 Qd7 13. Bb5 Qe6 14. Qd4 0-0-0 15. Qa4 f6 16. Bd2 a6 17. Bd3 Bxf3 18. gxf3 Ne5 19. Be2 Rh3 20. 0-0-0 Nxf3 21. Bxf3 Rxf3 22. h4 d5 23. exd5 Nxd5 24. Rde1 Qd7 25. Qxd7+ Rxd7 26. h5 Rh7 27. h6 Kd7 28. Rhg1 Ne7 29. Re4 Nf5 30. Rge1 Nd6 31. R4e3 Rxe3 32. Bxe3 Z0 33. Bf4 Nf7 34. Kd2 Ng5 35. Rh1 Ke6 36. Ke3 Kf7 37. Bg3 Kg6 38. Kd4 Ne6+ 39. Kc4 a5 40. Re1 b5+ 41. Kb3 Nc5+ 42. Ka3 Kxh6 43. Bf2 Nd7 44. Re6 c5 45. Ra6 b4+ 46. cxb4 axb4+ 47. Kb3 Kg6 48. Rc6 Rh3+ 49. Kb2 Rh5 50. Rc7 Rd5 51. Kb3 Kf5 52. Kc4 Ke5 53. c3 bxc3 54. Kxc3 Ke4 55. a4 Nb6 56. a5 Rd3+ 57. Kc2 Na4 58. Re7+ Kf3 59. Kxd3 Kxf2 60. Kc4 f5 1-0